000 00248 a2200097 4500
020 _a9781041049517
100 _aS. Sumathi
245 _aMachine learning for decision sciences with case studies in Python
260 _bCRC Press
_c2025
942 _cOO
999 _c116033
_d116032